书目信息 |
| 题名: |
化工生产事故应急管理与预案编制
|
|
| 作者: | 任彥斌 主编 ;企业应急管理与预案编制系列读本编委会 编 | |
| 分册: | ||
| 出版信息: | 北京 中国劳动社会保障出版社 2015 |
|
| 页数: | 251页 | |
| 开本: | 21cm | |
| 丛书名: | 企业应急管理与预案编制系列读本 | |
| 单 册: | ||
| 中图分类: | TQ086 , TQ08 | |
| 科图分类: | ||
| 主题词: | 化工生产--Hua Gong Sheng Chan--工伤事故--处理--方案制定 | |
| 电子资源: | ||
| ISBN: | 978-7-5167-1790-5 | |
| 000 | 01456nam 2200289 450 | |
| 001 | 1649343594 | |
| 005 | 20154427044428.0 | |
| 010 | @a978-7-5167-1790-5@dCNY25.00 | |
| 100 | @a20150708d2015 em y0chiy0120 ea | |
| 101 | 0 | @achi |
| 102 | @aCN@b110000 | |
| 105 | @aa z 000yy | |
| 106 | @ar | |
| 200 | 1 | @a化工生产事故应急管理与预案编制@AHua Gong Sheng Chan Shi Gu Ying Ji Guan Li Yu Yu An Bian Zhi@f企业应急管理与预案编制系列读本编委会编@g主编任彥斌 |
| 210 | @a北京@c中国劳动社会保障出版社@d2015 | |
| 215 | @a251页@c图@d21cm | |
| 225 | 2 | @a企业应急管理与预案编制系列读本@AQi Ye Ying Ji Guan Li Yu Yu An Bian Zhi Xi Lie Dou Ben |
| 330 | @a本套丛书将根据新修订的《安全生产法》相关要求,紧扣行业企业生产安全事故应急预案编制方法这一中心,将事故应急工作中的工作管理协调和技术处置知识有机结合,加以应急预案的实例分析,使读者了解企业生产安全事故应急与救援工作,指导其进行应急救援预案的编制与管理等。本套丛书将符合“安全生产月”的宣传、培训教育要求,内容注重管理人员的可操作性指导之外,兼顾相关知识的普及性。 | |
| 333 | @a适合企业安全生产管理人员和工人。 | |
| 410 | 0 | @12001 @a企业应急管理与预案编制系列读本 |
| 606 | 0 | @a化工生产@AHua Gong Sheng Chan@x工伤事故@x处理@x方案制定 |
| 690 | @aTQ086@v5 | |
| 690 | @aTQ08@v4 | |
| 701 | 0 | @a任彥斌@ARen yan Bin@4主编 |
| 712 | 02 | @a企业应急管理与预案编制系列读本编委会@AQi Ye Ying Ji Guan Li Yu Yu An Bian Zhi Xi Lie Dou Ben Bian Wei Hui@4编 |
| 801 | 0 | @aCN@b江苏新华@c20150511 |
| 905 | @aBZT@dTQ08@e2 | |
| 化工生产事故应急管理与预案编制/企业应急管理与预案编制系列读本编委会编/主编任彥斌.-北京:中国劳动社会保障出版社,2015 |
| 251页:图;21cm.-(企业应急管理与预案编制系列读本) |
| 使用对象:适合企业安全生产管理人员和工人。 |
| ISBN 978-7-5167-1790-5:CNY25.00 |
| 本套丛书将根据新修订的《安全生产法》相关要求,紧扣行业企业生产安全事故应急预案编制方法这一中心,将事故应急工作中的工作管理协调和技术处置知识有机结合,加以应急预案的实例分析,使读者了解企业生产安全事故应急与救援工作,指导其进行应急救援预案的编制与管理等。本套丛书将符合“安全生产月”的宣传、培训教育要求,内容注重管理人员的可操作性指导之外,兼顾相关知识的普及性。 |
| ● |
| 相关链接 |
|
|
|
正题名:化工生产事故应急管理与预案编制
索取号:TQ08/2
 
预约/预借
| 序号 | 登录号 | 条形码 | 馆藏地/架位号 | 状态 | 备注 |
| 1 | 801599 | 2000801599 | 第二书库/ [索取号:TQ08/2] | 在馆 | |
| 2 | 801600 | 2000801600 | 第二书库/ [索取号:TQ08/2] | 在馆 | |
| 3 | 801601 | 2000801601 | 第二书库/ [索取号:TQ08/2] | 在馆 |